<?xml version="1.0" encoding="UTF-8"?>
<record
    xmlns:xsi="http://www.w3.org/2001/XMLSchema-instance"
    xsi:schemaLocation="http://www.loc.gov/MARC21/slim http://www.loc.gov/standards/marcxml/schema/MARC21slim.xsd"
    xmlns="http://www.loc.gov/MARC21/slim">

  <leader>01097nam a22002657a 4500</leader>
  <datafield tag="999" ind1=" " ind2=" ">
    <subfield code="c">63516</subfield>
    <subfield code="d">63516</subfield>
  </datafield>
  <controlfield tag="005">20240530110645.0</controlfield>
  <controlfield tag="008">171111s2015    ua a   g b    000 0 ara d</controlfield>
  <datafield tag="017" ind1=" " ind2=" ">
    <subfield code="a">2015/10/5282</subfield>
    <subfield code="b">&#x627;&#x644;&#x645;&#x645;&#x644;&#x643;&#x629; &#x627;&#x644;&#x627;&#x631;&#x62F;&#x646;&#x64A;&#x629; &#x627;&#x644;&#x647;&#x627;&#x634;&#x645;&#x64A;&#x629; . &#x62F;&#x627;&#x626;&#x631;&#x629; &#x627;&#x644;&#x645;&#x643;&#x62A;&#x628;&#x629; &#x627;&#x644;&#x648;&#x637;&#x646;&#x64A;&#x629;</subfield>
  </datafield>
  <datafield tag="020" ind1=" " ind2=" ">
    <subfield code="a">9789957177072</subfield>
  </datafield>
  <datafield tag="040" ind1=" " ind2=" ">
    <subfield code="a">EG-CaGPL</subfield>
    <subfield code="c">EG-CaGPL</subfield>
  </datafield>
  <datafield tag="082" ind1="0" ind2="7">
    <subfield code="2">21</subfield>
    <subfield code="a">658.31\</subfield>
    <subfield code="b">&#x647;&#x640; &#x625;</subfield>
  </datafield>
  <datafield tag="100" ind1="0" ind2=" ">
    <subfield code="a">&#x647;&#x634;&#x627;&#x645; &#x639;&#x628;&#x62F;&#x627;&#x644;&#x644;&#x647; &#x627;&#x644;&#x63A;&#x631;&#x64A;&#x631;&#x64A; .</subfield>
  </datafield>
  <datafield tag="245" ind1="1" ind2="0">
    <subfield code="a">&#x627;&#x62F;&#x627;&#x631;&#x629; &#x631;&#x623;&#x633; &#x627;&#x644;&#x645;&#x627;&#x644; &#x627;&#x644;&#x628;&#x634;&#x631;&#x64A;&#x629; &#x641;&#x649; &#x627;&#x644;&#x645;&#x624;&#x633;&#x633;&#x627;&#x62A; &#x627;&#x644;&#x645;&#x62F;&#x646;&#x64A;&#x629; &#x648; &#x627;&#x644;&#x639;&#x633;&#x643;&#x631;&#x64A;&#x629; /</subfield>
    <subfield code="c">&#x647;&#x634;&#x627;&#x645; &#x639;&#x628;&#x62F;&#x627;&#x644;&#x644;&#x647; &#x627;&#x644;&#x63A;&#x631;&#x64A;&#x631;&#x64A; .</subfield>
  </datafield>
  <datafield tag="250" ind1=" " ind2=" ">
    <subfield code="a">&#x637;.1</subfield>
  </datafield>
  <datafield tag="260" ind1=" " ind2=" ">
    <subfield code="a">&#x639;&#x645;&#x627;&#x646; :</subfield>
    <subfield code="b">&#x645;&#x643;&#x62A;&#x628;&#x629; &#x627;&#x644;&#x641;&#x644;&#x627;&#x62D; &#x644;&#x644;&#x646;&#x634;&#x631; &#x648; &#x627;&#x644;&#x62A;&#x648;&#x632;&#x64A;&#x639; &#x60C;</subfield>
    <subfield code="c">2015 .</subfield>
  </datafield>
  <datafield tag="300" ind1=" " ind2=" ">
    <subfield code="a">248 &#x635;. &#x61B;</subfield>
    <subfield code="c">24 &#x633;&#x645;.</subfield>
  </datafield>
  <datafield tag="650" ind1="0" ind2="7">
    <subfield code="2">qrmak</subfield>
    <subfield code="a">&#x627;&#x62F;&#x627;&#x631;&#x629; &#x627;&#x644;&#x627;&#x641;&#x631;&#x627;&#x62F; </subfield>
  </datafield>
  <datafield tag="650" ind1="0" ind2="7">
    <subfield code="2">qrmak</subfield>
    <subfield code="a">&#x627;&#x644;&#x62A;&#x62F;&#x631;&#x64A;&#x628; </subfield>
  </datafield>
  <datafield tag="650" ind1="0" ind2="7">
    <subfield code="2">qrmak</subfield>
    <subfield code="a">&#x62A;&#x642;&#x64A;&#x64A;&#x645; &#x627;&#x644;&#x648;&#x638;&#x627;&#x626;&#x641;</subfield>
  </datafield>
  <datafield tag="650" ind1="0" ind2="7">
    <subfield code="2">qrmak</subfield>
    <subfield code="a">&#x62D;&#x648;&#x627;&#x641;&#x632; &#x627;&#x644;&#x627;&#x646;&#x62A;&#x627;&#x62C; </subfield>
  </datafield>
  <datafield tag="650" ind1="0" ind2="7">
    <subfield code="2">qrmak</subfield>
    <subfield code="a">&#x62A;&#x648;&#x635;&#x64A;&#x641; &#x627;&#x644;&#x648;&#x638;&#x627;&#x626;&#x641; </subfield>
  </datafield>
  <datafield tag="650" ind1="0" ind2="7">
    <subfield code="2">qrmak</subfield>
    <subfield code="a">&#x62A;&#x62D;&#x644;&#x64A;&#x644; &#x627;&#x644;&#x648;&#x638;&#x627;&#x626;&#x641; </subfield>
  </datafield>
  <datafield tag="942" ind1=" " ind2=" ">
    <subfield code="2">ddc</subfield>
    <subfield code="c">BK</subfield>
  </datafield>
  <datafield tag="952" ind1=" " ind2=" ">
    <subfield code="0">0</subfield>
    <subfield code="1">0</subfield>
    <subfield code="4">0</subfield>
    <subfield code="7">0</subfield>
    <subfield code="a">CAI</subfield>
    <subfield code="b">CAI</subfield>
    <subfield code="c">MAIN-LIBRARY</subfield>
    <subfield code="d">2017-11-11</subfield>
    <subfield code="l">0</subfield>
    <subfield code="o">658.31\ &#x647;&#x640; &#x625;</subfield>
    <subfield code="p">163606</subfield>
    <subfield code="r">2017-11-11 00:00:00</subfield>
    <subfield code="w">2017-11-11</subfield>
    <subfield code="y">BK</subfield>
  </datafield>
</record>
